000
00311nam a2200121Ia 4500
005
20251222141905.0
008
251222s9999||||xx |||||||||||||| ||spa||
020
_a
9972-792-18-8
082
_a
346.046.85/I59
245
0
_a
Compendio de Legislación Forestal y de Fauna Silvestre
264
_b
Inrena
942
_c
LIB
999
_c
8204
_d
8204